[Event "Espalion op 3rd"]
[Site "Espalion"]
[Date "2018.07.20"]
[Round "8"]
[White "Hadamard, Olivier"]
[Black "Mourgues, Joelle"]
[Result "1-0"]
[WhiteElo "1776"]
[BlackElo "1580"]
[PlyCount "99"]
[EventDate "2018.07.14"]
[EventType "swiss"]
[EventRounds "9"]
[EventCountry "FRA"]
[SourceTitle "CBM 185 Extra"]
[Source "ChessBase"]
[SourceDate "2018.07.29"]
[SourceVersion "1"]
[SourceVersionDate "2018.07.29"]
[SourceQuality "1"]

1. d4 Nf6 2. c4 e6 3. Nf3 d6 4. Nc3 Be7 5. e4 0-0 6. Bd3 h6 7. Bf4 Nh7 8. Qc2 Ng5 9. Nd2 f6 10. 0-0-0 Nc6 11. Be3 Nb4 12. Qb1 Nxd3+ 13. Qxd3 c5 14. d5 e5 15. f3 f5 16. Rdf1 a6 17. a4 f4 18. Bf2 Bd7 19. g4 b5 20. axb5 axb5 21. cxb5 Nh3 22. Ndb1 Qb6 23. Na3 Nxf2 24. Rxf2 Qa5 25. Rff1 Qb4 26. Na2 Qa4 27. Nc3 Qb4 28. Nc2 Qa5 29. Kd2 Qc7 30. Qc4 Rfb8 31. Ra1 Ra7 32. Rxa7 Qxa7 33. Ra1 Qb7 34. Na3 Bd8 35. Nc2 Bh4 36. Ra6 Be7 37. Na3 Bc8 38. Qa4 Bf8 39. Ra7 Qb6 40. Nc4 Qd8 41. b6 Bb7 42. Nb5 Qh4 43. Nbxd6 Qf2+ 44. Kc1 Qe1+ 45. Qd1 Qb4 46. Ra4 Ra8 47. Rxb4 Ra1+ 48. Kc2 Rxd1 49. Kxd1 cxb4 50. Nxb7 1-0

[Event "Espalion op 3rd"]
[Site "Espalion"]
[Date "2018.07.19"]
[Round "7"]
[White "Hadamard, Olivier"]
[Black "Chazeau, Laineur Lothaire"]
[Result "1-0"]
[WhiteElo "1776"]
[BlackElo "1651"]
[PlyCount "102"]
[EventDate "2018.07.14"]
[EventType "swiss"]
[EventRounds "9"]
[EventCountry "FRA"]
[SourceTitle "CBM 185 Extra"]
[Source "ChessBase"]
[SourceDate "2018.07.29"]
[SourceVersion "1"]
[SourceVersionDate "2018.07.29"]
[SourceQuality "1"]

1. d4 g6 2. c4 Bg7 3. Nc3 d6 4. e4 a6 5. h3 e6 6. Nf3 Ne7 7. Be3 0-0 8. Qd2 Re8 9. Bd3 Nd7 10. h4 Nf6 11. 0-0-0 h5 12. Nh2 e5 13. d5 Bd7 14. f4 Rb8 15. a4 c5 16. Be2 Qa5 17. Qc2 b5 18. axb5 axb5 19. cxb5 Nc8 20. Kd2 Na7 21. Ra1 Qc7 22. Qa4 Nc8 23. Qa5 Nb6 24. Qa3 Rec8 25. Rhc1 Qd8 26. g3 Ne8 27. Qb3 Nc7 28. Ra7 Qe8 29. Rca1 Nba8 30. R1a5 Kh7 31. Kc1 f6 32. Nf1 Qd8 33. Nd2 Nb6 34. Nc4 Nxc4 35. Bxc4 Na8 36. Qa3 Nb6 37. b3 Bf8 38. Na4 Be7 39. Nxb6 Rxb6 40. R5a6 Rcb8 41. Qa5 Rxa6 42. Qxd8 Ra1+ 43. Rxa1 Rxd8 44. Ra7 g5 45. b6 gxh4 46. gxh4 f5 47. Bf2 fxe4 48. fxe5 Kg6 49. Rc7 Bf8 50. b7 Bh6+ 51. Kc2 Bg4 1-0

[Event "Espalion op 3rd"]
[Site "Espalion"]
[Date "2018.07.15"]
[Round "2"]
[White "Hadamard, Olivier"]
[Black "Menard, Baptiste"]
[Result "0-1"]
[WhiteElo "1776"]
[BlackElo "2184"]
[PlyCount "98"]
[EventDate "2018.07.14"]
[EventType "swiss"]
[EventRounds "9"]
[EventCountry "FRA"]
[SourceTitle "CBM 185 Extra"]
[Source "ChessBase"]
[SourceDate "2018.07.29"]
[SourceVersion "1"]
[SourceVersionDate "2018.07.29"]
[SourceQuality "1"]

1. d4 d6 2. c4 e5 3. dxe5 dxe5 4. Qxd8+ Kxd8 5. Nc3 Be6 6. e3 c6 7. Nf3 f6 8. Be2 Nd7 9. b3 Nh6 10. e4 Nf7 11. a3 a5 12. Bb2 Nb6 13. Nd2 Bc5 14. 0-0 Kc7 15. Rfd1 h5 16. Rac1 g5 17. Nd5+ Bxd5 18. cxd5 Nd7 19. dxc6 bxc6 20. Rc2 Bd4 21. Bxd4 exd4 22. Nf3 Nfe5 23. Nxd4 Kb6 24. Rdc1 c5 25. Nf5 a4 26. Rb2 axb3 27. Rxb3+ Kc7 28. Bb5 Rhb8 29. a4 g4 30. Rbc3 Rb6 31. Ne7 Kd8 32. Nd5 Rd6 33. Kf1 f5 34. f3 h4 35. Kf2 h3 36. f4 fxe4 37. fxe5 Rxd5 38. gxh3 Rxe5 39. hxg4 Nf6 40. Kg3 Rc8 41. h3 e3 42. Kf4 Re6 43. Kf5 Ke7 44. Re1 Nd5 45. Rc2 Rf8+ 46. Kg5 Rf3 47. Bc4 Re5+ 48. Kg6 Nf4+ 49. Kg7 Rg5+ 0-1

[Event "Espalion op 3rd"]
[Site "Espalion"]
[Date "2018.07.14"]
[Round "1"]
[White "Callebaut, Katia"]
[Black "Hadamard, Olivier"]
[Result "0-1"]
[WhiteElo "1253"]
[BlackElo "1776"]
[PlyCount "70"]
[EventDate "2018.07.14"]
[EventType "swiss"]
[EventRounds "9"]
[EventCountry "FRA"]
[SourceTitle "CBM 185 Extra"]
[Source "ChessBase"]
[SourceDate "2018.07.29"]
[SourceVersion "1"]
[SourceVersionDate "2018.07.29"]
[SourceQuality "1"]

1. e4 e6 2. Nc3 c5 3. Nf3 Nc6 4. d4 cxd4 5. Nxd4 Bc5 6. Nxc6 bxc6 7. Bf4 Qb6 8. Be3 Bxe3 9. fxe3 Qxb2 10. Na4 Qb4+ 11. c3 Qxe4 12. Qd4 Qxd4 13. cxd4 Nf6 14. Bd3 0-0 15. e4 Rb8 16. Nc5 Rb4 17. e5 Nd5 18. Nb3 Nf4 19. Be4 Ba6 20. Kd2 Bc4 21. Kc3 Rfb8 22. Rhd1 Ne2+ 23. Kc2 Bxb3+ 24. axb3 Nxd4+ 25. Kc3 Ne2+ 26. Kc2 Rxe4 27. Rxd7 Rxe5 28. Raxa7 Rf8 29. b4 Nf4 30. Kc3 Nd5+ 31. Kd4 Re2 32. Rdb7 Rxg2 33. h3 Rg3 34. Kc5 Rc3+ 35. Kd6 Rc4 0-1

[Event "FRA-ch op-B"]
[Site "Agen"]
[Date "2016.??.??"]
[Round "6"]
[White "Hadamard, Olivier"]
[Black "Budak, Rewi"]
[Result "0-1"]
[WhiteElo "1763"]
[BlackElo "1969"]
[PlyCount "92"]
[EventDate "2016.08.12"]
[EventType "swiss"]
[EventRounds "9"]
[EventCountry "FRA"]
[SourceTitle "EXT 2017"]
[Source "ChessBase"]
[SourceDate "2016.10.25"]
[SourceVersion "1"]
[SourceVersionDate "2016.10.25"]
[SourceQuality "1"]

1. d4 c5 2. d5 e5 3. e4 d6 4. c4 g6 5. Bd3 Bg7 6. Nc3 Ne7 7. h4 h5 8. Bg5 Nd7 9. Nge2 Nf6 10. f3 a6 11. Qd2 Bd7 12. a4 Qa5 13. Kf2 Neg8 14. Ng1 Bh6 15. Nh3 Kf8 16. g3 Kg7 17. Kg2 Rf8 18. Be2 Nh7 19. Bxh6+ Nxh6 20. Ng5 Nf6 21. Rhf1 Re8 22. f4 Nfg4 23. Bxg4 Nxg4 24. fxe5 Nxe5 25. Qf4 f5 26. exf5 Bxf5 27. Ne6+ Kh7 28. Ne4 Rhf8 29. N4g5+ Kg8 30. Nxf8 Rxf8 31. Qe3 Nxc4 32. Qe2 Ne5 33. Ne6 Rf7 34. Rad1 Qxa4 35. Rf4 Qe8 36. Qe3 Bxe6 37. dxe6 Qxe6 38. Rxf7 Kxf7 39. Qh6 Kg8 40. Qd2 Nc4 41. Re1 Ne5 42. Qg5 Kg7 43. Rf1 Ng4 44. Qd2 Ne3+ 45. Kg1 Nxf1 46. Kxf1 Qh3+ 0-1

[Event "Calvi Balagne op 08th"]
[Site "Calvi"]
[Date "2011.04.26"]
[Round "1"]
[White "Terrieux, Kevin"]
[Black "Hadamard, Olivier"]
[Result "1-0"]
[WhiteElo "2422"]
[BlackElo "1809"]
[PlyCount "53"]
[EventDate "2011.04.26"]
[EventType "swiss"]
[EventRounds "8"]
[EventCountry "FRA"]
[SourceTitle "CBM 142 Extra"]
[Source "ChessBase"]
[SourceDate "2011.06.27"]
[SourceVersion "1"]
[SourceVersionDate "2011.06.27"]
[SourceQuality "1"]

1. d4 Nf6 2. c4 e6 3. Nc3 Bb4 4. Qc2 c5 5. dxc5 0-0 6. a3 Bxc5 7. Bf4 Nc6 8. Nf3 h6 9. e3 a6 10. Rd1 b6 11. Be2 Bb7 12. 0-0 Rc8 13. Rd2 Be7 14. Rfd1 Nb8 15. e4 Bc6 16. Ne5 Qe8 17. Nxc6 dxc6 18. Bxb8 Rxb8 19. e5 Nh7 20. Ne4 Qc8 21. c5 b5 22. Nd6 Qc7 23. Bd3 f5 24. Qb3 Bg5 25. Qxe6+ Kh8 26. Re2 Qe7 27. Qg6 1-0

[Event "FRA-ch op-C"]
[Site "Aix les Bains"]
[Date "2007.08.18"]
[Round "5"]
[White "Hadamard, Olivier"]
[Black "Belhachemi, Loic"]
[Result "1-0"]
[WhiteElo "1769"]
[BlackElo "1800"]
[PlyCount "43"]
[EventDate "2007.08.13"]
[EventType "swiss"]
[EventRounds "11"]
[EventCountry "FRA"]
[SourceTitle "CBM 120 Extra"]
[Source "ChessBase"]
[SourceDate "2007.11.01"]
[SourceVersion "1"]
[SourceVersionDate "2007.11.01"]
[SourceQuality "1"]

1. d4 e6 2. c4 d5 3. e3 Nf6 4. Nc3 c5 5. dxc5 Nc6 6. Nf3 Bxc5 7. cxd5 exd5 8. Bb5 Qb6 9. 0-0 0-0 10. Bxc6 Qxc6 11. Nd4 Bxd4 12. Qxd4 b6 13. b3 Bb7 14. Bb2 Rfd8 15. Rac1 Qe6 16. Rfd1 Rd7 17. Ne2 Re8 18. Rc2 Qe4 19. Rdc1 Qxd4 20. Bxd4 Ne4 21. Rc7 Ree7 22. Rc8+ 1-0

[Event "Pierrevert op 5th"]
[Site "Pierrevert"]
[Date "2007.04.16"]
[Round "3"]
[White "Janier, Fabrice"]
[Black "Hadamard, Olivier"]
[Result "1/2-1/2"]
[WhiteElo "1987"]
[BlackElo "1799"]
[PlyCount "90"]
[EventDate "2007.04.15"]
[EventType "swiss"]
[EventRounds "9"]
[EventCountry "FRA"]
[SourceTitle "CBM 118 Extra"]
[Source "ChessBase"]
[SourceDate "2007.07.04"]
[SourceVersion "1"]
[SourceVersionDate "2007.07.04"]
[SourceQuality "1"]

1. d4 Nf6 2. Nf3 d5 3. c4 e6 4. Nc3 c6 5. cxd5 exd5 6. Qc2 Bd6 7. Bg5 Bb4 8. e3 Bxc3+ 9. bxc3 h6 10. Bxf6 Qxf6 11. Bd3 0-0 12. 0-0 Nd7 13. c4 Nb6 14. c5 Nd7 15. Rfc1 g5 16. Bf5 Nb8 17. Bxc8 Rxc8 18. Rcb1 Rc7 19. Rb2 Nd7 20. Rab1 b5 21. a4 a6 22. Ra2 Rb8 23. Ne1 Rcb7 24. Rab2 Qe6 25. Nd3 f5 26. axb5 axb5 27. Nb4 Ra7 28. Ra2 Rba8 29. Rba1 Rxa2 30. Rxa2 Rxa2 31. Qxa2 Kf7 32. Qa6 Qe4 33. Qa2 f4 34. Kf1 fxe3 35. fxe3 Qxe3 36. Nxc6 Qf4+ 37. Qf2 Qxf2+ 38. Kxf2 Ke6 39. Nb4 Nf6 40. h3 h5 41. Kf3 Ne4 42. Ke3 Ng3 43. Kd3 Nf5 44. Na6 Kd7 45. Nb4 Ne7 1/2-1/2

[Event "Pierrevert op 5th"]
[Site "Pierrevert"]
[Date "2007.04.15"]
[Round "1"]
[White "Hadamard, Olivier"]
[Black "Ninov, Nikolai"]
[Result "0-1"]
[WhiteElo "1799"]
[BlackElo "2546"]
[PlyCount "39"]
[EventDate "2007.04.15"]
[EventType "swiss"]
[EventRounds "9"]
[EventCountry "FRA"]
[SourceTitle "CBM 118 Extra"]
[Source "ChessBase"]
[SourceDate "2007.07.04"]
[SourceVersion "1"]
[SourceVersionDate "2007.07.04"]
[SourceQuality "1"]

1. d4 Nf6 2. c4 e6 3. Nc3 Bb4 4. Nf3 c5 5. a3 Bxc3+ 6. bxc3 Nc6 7. Qc2 d5 8. e3 0-0 9. Bd3 b6 10. 0-0 Ba6 11. Nd2 cxd4 12. exd4 Rc8 13. Qb1 dxc4 14. Be2 Nd5 15. Bb2 Nf4 16. Bf3 e5 17. Bxc6 Rxc6 18. Nf3 Rg6 19. g3 Bb7 20. Bc1 0-1

[Event "Reunion op 08th"]
[Site "Etang Sale"]
[Date "2006.10.18"]
[Round "5"]
[White "Hadamard, Olivier"]
[Black "Dijoux, Julien"]
[Result "1-0"]
[WhiteElo "1816"]
[BlackElo "1648"]
[PlyCount "71"]
[EventDate "2006.10.14"]
[EventType "swiss"]
[EventRounds "9"]
[EventCountry "FRA"]
[SourceTitle "EXT 2007"]
[Source "ChessBase"]
[SourceDate "2006.11.23"]
[SourceVersion "1"]
[SourceVersionDate "2006.11.23"]
[SourceQuality "1"]

1. d4 d5 2. c4 e6 3. Nc3 Nf6 4. e3 Be7 5. Nf3 Nbd7 6. cxd5 exd5 7. Bd3 c6 8. Qc2 Nf8 9. Bd2 Ng6 10. h4 Bg4 11. Ng5 Qd6 12. g3 Nh5 13. e4 Bxg5 14. e5 Bxd2+ 15. Kxd2 Qe6 16. Rae1 Ne7 17. Rhg1 Qh6+ 18. Re3 g6 19. f3 Bxf3 20. g4 Ng7 21. g5 Qxh4 22. Rxf3 Qh2+ 23. Ne2 Ngf5 24. Kc3 c5 25. Qa4+ Kf8 26. dxc5 Qxe5+ 27. Kc2 Nc6 28. Kb1 Kg7 29. Rgf1 Rhf8 30. Bxf5 Qxe2 31. Qh4 Ne5 32. Qh6+ Kg8 33. Rh1 Rfd8 34. Qxh7+ Kf8 35. Qh8+ Ke7 36. Qf6+ 1-0

[Event "Reunion op 08th"]
[Site "Etang Sale"]
[Date "2006.10.16"]
[Round "4"]
[White "Henry, Laura"]
[Black "Hadamard, Olivier"]
[Result "0-1"]
[WhiteElo "1340"]
[BlackElo "1816"]
[PlyCount "74"]
[EventDate "2006.10.14"]
[EventType "swiss"]
[EventRounds "9"]
[EventCountry "FRA"]
[SourceTitle "EXT 2007"]
[Source "ChessBase"]
[SourceDate "2006.11.23"]
[SourceVersion "1"]
[SourceVersionDate "2006.11.23"]
[SourceQuality "1"]

1. e4 c5 2. Nf3 d6 3. Nc3 Nc6 4. Be2 e6 5. 0-0 Be7 6. Re1 Nf6 7. d3 a6 8. Bg5 Qc7 9. Bf1 h6 10. Bd2 b5 11. Ne2 g5 12. Ng3 g4 13. Nh4 Ne5 14. Ne2 Nfd7 15. g3 Bxh4 16. gxh4 Nf3+ 17. Kh1 Nxe1 18. Qxe1 Ne5 19. Ba5 Qe7 20. Bg2 Qxh4 21. f4 Nf3 22. Bxf3 Qxe1+ 23. Bxe1 gxf3 24. Ng3 Bb7 25. Kg1 h5 26. Kf2 h4 27. Nf1 f5 28. Kxf3 fxe4+ 29. dxe4 Ke7 30. Nd2 Rag8 31. Bf2 h3 32. Bg3 d5 33. Re1 dxe4+ 34. Nxe4 Rh5 35. Kf2 Bxe4 36. Rxe4 Rd5 37. Ke2 Rxg3 0-1